Widok standardowy
Widok MARC
Pozycja Geographic Name
Liczba rekordów, w których użyto hasła: 1
001 - Numer kontrolny
- control field: 40534
003 - Identyfikator numeru kontrolnego
- control field: NUKAT
005 - Data i czas ostatniej modyfikacji
- control field: 20260425212438.0
008 - Dane kontrolne kodowane (40 znaków)
- fixed length control field: 010301n||aaznnbabn |a ana |c
010 ## - Numer kontrolny Biblioteki Kongresu
- numer kontrolny LC: s 01351633
040 ## - Instytucja sporządzająca rekord
- inst. przygot. dane do rek. khw: LUBL U/IL
- język haseł przedmiotowych/tezaurus: kaba
- inst. wprow. rek. khw: LUBL U
- inst. modyf. rek. khw: WA U/DS
151 ## - Hasło - nazwa geograficzna
- nazwa geograficzna: Pomorze Gdańskie (Polska ; region)
- określnik chronologiczny: 16 w.